| Поле | Инд. | ПП | Название | Значение |
|---|---|---|---|---|
| Тип записи | a | |||
| Библиографический уровень | m | |||
| 001 | Контрольный номер | 980ca86c3a2945a19e5ef1de86292fff | ||
| 005 | Дата корректировки | 20231101181641.0 | ||
| 020 | a | ISBN | 978-5-9906340-6-0 | |
| 040 | a | Служба первич. каталог. | НБ ТвГУ | |
| b | Код языка каталог. | rus | ||
| e | Правила каталог. | PSBO | ||
| 041 | 0_ | a | Код языка текста | rus |
| 080 | a | Индекс УДК | 334.012.64:51 | |
| 084 | a | Индекс другой классификации/Индекс ББК | У052.244 | |
| 084 | a | Индекс другой классификации/Индекс ББК | У290.31 | |
| 090 | a | Полочн. индекс | У052.2 | |
| x | Авторский знак | И 74 | ||
| 097 | b | Оператор | Semenova.ZR | |
| 245 | 10 | a | Заглавие | Информационное обеспечение экономических расчетов субъектов малого предпринимательства |
| b | Продолж. заглавия | монография | ||
| c | Ответственность | Волгогр. фил. Ин-та упр. (г. Архангельск) | ||
| 260 | c | Дата издания | 2015 | |
| a | Место издания | Волгоград | ||
| b | Издательство | Сфера | ||
| 300 | a | Объем | 239 с. | |
| b | Иллюстрации/ тип воспроизводства | ил., табл. | ||
| 500 | a | Примечание | Рез. англ. | |
| 504 | a | Библиография | Библиогр.: с. 227-237 | |
| 520 | 0_ | a | Аннотация | В монографии представлена концептуальная модель информационного обеспечения экономических расчетов субъектов малого предпринимательства. При построении концептуальной модели информационного обеспечения экономических расчетов субъектов малого предпринимательства: определены экономико-правовые характеристики расчетов субъектов малого предпринимательства; уточнено понятие системы расчетов субъектов малого предпринимательства; обоснована концепция учета факторов, инициирующих угрозы экономической безопасности субъектов малого предпринимательства, при возникновении обязательств; сформулированы правила учета обязательств у субъектов малого предпринимательства; выявлены особенности организации расчетов в системе финансов субъектов малого предпринимательства; дана характеристика механизму расчетов при осуществлении внешнеэкономической деятельности субъектами малого предпринимательства; систематизированы методические рекомендации по учету расчетов в торговле и общественном питании с применением подарочных карт у субъектов малого предпринимательства; исследованы особенности формирования информационно-аналитической базы для принятия управленческих решений субъектами малого предпринимательства в процессе расчетов. Результаты исследования процесса информационного обеспечения экономических расчетов субъектов малого предпринимательства предназначены для развития прикладных исследований в области организации финансов, системы учета и анализа субъектов малого предпринимательства. |
| 653 | 0_ | a | Ключевые слова | Малые предприятия |
| a | Ключевые слова | Автоматизированная система бухгалтерского учета | ||
| a | Ключевые слова | Малые предприятия | ||
| a | Ключевые слова | Автоматизированные системы управления | ||
| a | Ключевые слова | Предпринимательство | ||
| a | Ключевые слова | Малое предпринимательство | ||
| a | Ключевые слова | Информационное обеспечение малого предпринимательства | ||
| a | Ключевые слова | Бухгалтерский учет на малых предприятиях | ||
| 700 | 12 | a | Другие авторы | Голодова Ольга Александровна |
| q | Полное имя | Голодова О. А. | ||
| 700 | 12 | a | Другие авторы | Гришин Игорь Александрович |
| 700 | 12 | a | Другие авторы | Карабинцева Светлана Александровна |
| 700 | 12 | a | Другие авторы | Коваленко Оксана Александровна |
| 700 | 12 | a | Другие авторы | Кравченко Елена Николаевна |
| 700 | 12 | a | Другие авторы | Солодова Светлана Викторовна |
| 700 | 12 | a | Другие авторы | Федотова Гилян Васильевна |
| 901 | t | Тип документа | m | |
| 920 | a | Оператор | Семен | |
| a | Оператор | Суха | ||
| a | Оператор | Стро | ||
| 930 | a | Новая/Ретро | новая | |
| 952 | c | Вид литературы | К рн | |
| 954 | b | Дата поступления в ОК | 20190814 | |
| a | Дата поступления на обработку | 20190822 | ||
| c | Дата окончания ОНО | 20190823 |